000 01399cam a2200337 a 4500
001 EDZ0000063748
003 StDuBDS
005 20161031105101.0
006 m||||||||d||||||||
007 cr |||||||||||
008 120319s2002 cau fo| 001|0|eng|d
020 _a9781452233659 (ebook) :
_cNo price
040 _aStDuBDS
_beng
_cStDuBDS
_epn
049 _aAlfaisal Main Library
050 0 _aBF327
_b.A35 2002
082 0 4 _a153.8
_223
100 1 _aAiken, Lewis R.,
_d1931-
245 1 0 _aAttitudes and related psychosocial constructs
_h[electronic resource] :
_btheories, assessment, and research /
_cLewis R. Aiken.
260 _aThousand Oaks, [Calif.] ;
_aLondon :
_bSAGE,
_cc2002.
300 _a1 online resource (x, 318 p.)
520 8 _aIn this work, the author provides a compact but comprehensive research-oriented treatment of attitudes and related psychosocial constructs - values, opinions, beliefs, and personal orientations.
521 _aSpecialized.
588 _aDescription based on print version record.
504 _aIncludes bibliographical references and index.
650 0 _aAttitude (Psychology)
655 7 _aElectronic books.
_2local
710 2 _aSage eBooks
776 0 8 _iPrint version :
_z9780761924531
856 4 0 _uhttp://ezproxy.alfaisal.edu/login?url=http://sk.sagepub.com/books/attitudes-and-related-psychosocial-constructs
942 _2lcc
_cEBOOKS
999 _c479044
_d479044